Đào tạo giáo viên dạy tiếng Việt cho người nước ngoài /

Bewaard in:
Bibliografische gegevens
Hoofdauteur: Võ Xuân Trang, PTS.
Formaat: Artikel
Taal:Vietnamese
Onderwerpen:
Tags: Voeg label toe
Geen labels, Wees de eerste die dit record labelt!
Thư viện lưu trữ: Thư viện Trường Đại học Đà Lạt
LEADER 00768nam a2200265 4500
001 DLU090072998
005 ##20090508
040 # # |a DLU  |b vie 
041 # # |a vie 
044 # # |a vn 
100 # # |a Võ Xuân Trang,  |c PTS. 
245 # # |a Đào tạo giáo viên dạy tiếng Việt cho người nước ngoài /  |c Võ Xuân Trang. 
653 # # |a Giáo viên 
653 # # |a Ngươi nước ngoài 
653 # # |a Tiếng Việt 
773 # # |t Khoa học Xã hội  |g Số 25, 1995, tr. 112-114 
920 # # |a Phòng Tạp chí -- Trung tâm Thông tin - Thư viện Trường Đại học Đà Lạt 
994 # # |a DLU 
900 # # |a True 
911 # # |a Nguyễn Thanh Hương 
925 # # |a G 
926 # # |a A 
927 # # |a BB 
980 # # |a Thư viện Trường Đại học Đà Lạt